000 00428pab a2200169 454500
008 180718b2011 xxu||||| |||| 00| 0 eng d
100 _aMalamud, Ofer
245 _aHome computer use and the development of human capital
260 _c2011
300 _ap.987-1027.
362 _aMay
650 _aComputers
700 _aPop-Eleches, Cristian
773 _aQuarterly Journal of Economics
908 _aN
909 _a93227
999 _c93227
_d93227